000 00690nmm a2200193Ia 4500
008 251105s9999||||xx |||||||||||||||||und||
020 _a9788499450711
041 _aspa
100 _aFornet- Betancourt , Raúl
245 0 _aInterculturalidad, diálogo interreligioso y liberación :
_b I simposio internacional de teología intercultural e interreligiosa de la liberación
264 _a[Madrid, España] :
_bEditorial Verbo Divino,
_c2010
300 _a312 páginas
490 _aNuevos desafíos
650 _aReligion(s)
700 _aFornet- Betancourt , Raúl
700 1 _a Tamayo Acosta, Juan José
856 _uhttps://public.digitaliapublishing.com/a/2425
942 _cCF
999 _c65581
_d65581